[Event "Cup Russia"]
[Site "Serpukhov RUS"]
[Date "2007.11.05"]
[Round "1.1"]
[White "Zabotin,A"]
[Black "Chernyshov,K"]
[Result "1-0"]
[WhiteElo "2480"]
[BlackElo "2563"]

1.d4 Nf6 2.c4 e6 3.Nf3 b6 4.a3 Bb7 5.Nc3 Ne4 6.Nxe4 Bxe4 7.Nd2 Bb7 8.e4 Qf6
9.d5 Bd6 10.Bd3 a5 11.Nf3 Na6 12.e5 Qe7 13.exd6 Qxd6 14.O-O Nc5 15.Nd4 Ba6
16.Be2 O-O 17.dxe6 dxe6 18.Nb5 Qe7 19.Bf3 Rad8 20.Qe2 Nb3 21.Rb1 c5 22.Qc2 a4
23.Be3 f5 24.Rbd1 Rde8 25.Bf4 e5 26.Rfe1 e4 27.Bd6 Qg5 28.Be2 Bb7 29.Bxf8 Rxf8
30.Bf1 Kh8 31.Rd6 Ba8 32.Qc3 f4 33.h4 Qxh4 34.Qh3 Qe7 35.Qe6 Qg5 36.Rxe4 Bxe4
37.Qxe4 f3 38.Rd5 Qc1 39.Qxf3 Kg8 40.Qe2 h6 41.Rd1 Qf4 42.g3 Qf5 43.Bg2 Kh8
44.Be4 Qf6 45.Bc2 Na5 46.Bd3 Kg8 47.Rf1 Nc6 48.Qe4 Ne5 49.Qh7+ Kf7 50.Be2 Rd8
51.Bh5+ Kf8 52.Nc3 Qg5 53.Nd5 Rxd5 54.Qh8+ Ke7 55.Qe8+  1-0

[Event "Open"]
[Site "Liberec CZE"]
[Date "2007.11.12"]
[Round "3"]
[White "Tejkal,J"]
[Black "Bulano,A"]
[Result "1/2-1/2"]
[WhiteElo "2011"]
[BlackElo "1800"]

1.d4 Nf6 2.Nf3 e6 3.c4 b6 4.a3 Bb7 5.Nc3 d5 6.cxd5 Nxd5 7.Qc2 Nf6 8.e3 Nbd7
9.Be2 c5 10.O-O Qc7 11.Bd2 Bd6 12.Nb5 Qb8 13.Nxd6+ Qxd6 14.dxc5 Nxc5 15.Bb5+ Nfd7
16.b4 Ne4 17.Rfd1 a6 18.Bc3 Bd5 19.Be5 Qe7 20.Bxd7+ Qxd7 21.Rac1 Qb7 22.Qc7 O-O
23.Qxb7 Bxb7 24.Rd7 Bd5 25.Bd4 Rfc8 26.Rcc7 Rxc7 27.Rxc7 b5  1/2-1/2

[Event "Open"]
[Site "Liberec CZE"]
[Date "2007.11.16"]
[Round "8"]
[White "Snorek,M"]
[Black "Vavra,P2"]
[Result "1-0"]
[WhiteElo "2061"]
[BlackElo "2125"]

1.d4 Nf6 2.c4 e6 3.Nf3 b6 4.a3 Bb7 5.Nc3 d5 6.Bg5 Be7 7.Qa4+ c6 8.Bxf6 Bxf6
9.cxd5 exd5 10.g3 O-O 11.Bg2 Re8 12.O-O Nd7 13.b4 a5 14.Qb3 b5 15.a4 bxa4
16.Rxa4 axb4 17.Qxb4 Rxa4 18.Qxa4 Qa8 19.Bh3 Nf8 20.Rb1 Ne6 21.e3 Qxa4 22.Nxa4 Ba6
23.Rb6 Be2 24.Nd2 Ra8 25.Nc3 Bd3 26.Rxc6 Ng5 27.Rc8+ Rxc8 28.Bxc8  1-0

[Event "WYb16"]
[Site "Kemer TUR"]
[Date "2007.11.20"]
[Round "3"]
[White "Pavlidis,Ana"]
[Black "Benidze,D"]
[Result "1/2-1/2"]
[WhiteElo "2233"]
[BlackElo "2365"]

1.d4 Nf6 2.c4 e6 3.Nf3 b6 4.a3 Ba6 5.Qc2 Bb7 6.Nc3 c5 7.e4 cxd4 8.Nxd4 Nc6
9.Nxc6 Bxc6 10.Qe2 d6 11.g3 Be7 12.Bg2 O-O 13.O-O Rc8 14.Rd1 Qc7 15.Bf4 Rfd8
16.Rac1 Qb7 17.b4 Qa8 18.Nd5 exd5 19.exd5 Ba4 20.Qxe7 Bxd1 21.Rxd1  1/2-1/2

[Event "WYb16"]
[Site "Kemer TUR"]
[Date "2007.11.20"]
[Round "3"]
[White "Jorczik,J"]
[Black "Blum,N"]
[Result "1/2-1/2"]
[WhiteElo "2362"]
[BlackElo "2224"]

1.d4 Nf6 2.c4 e6 3.Nf3 b6 4.a3 Bb7 5.Nc3 d5 6.cxd5 Nxd5 7.e3 g6 8.Bb5+ c6
9.Bd3 Bg7 10.O-O O-O 11.Ne4 Qc7 12.Bd2 Nd7 13.Rc1 Rac8 14.b4 e5 15.Bc4 Qb8
16.Neg5 h6 17.Nxf7 Rxf7 18.e4 Kh7 19.dxe5 Rxf3 20.e6 Ne5 21.gxf3 Nxc4 22.exd5 cxd5
23.Re1 d4 24.e7 Ne5 25.Rxc8 Qxc8 26.Rxe5 Bxe5 27.Qe2 Qh3 28.Qxe5 Qxf3 29.Qh8+ Kxh8
30.e8=Q+ Kg7 31.Qe7+ Kg8 32.Qe8+ Kg7 33.Qe7+ Kg8  1/2-1/2

[Event "WYb18"]
[Site "Kemer TUR"]
[Date "2007.11.21"]
[Round "4"]
[White "Volodin,Alek"]
[Black "Spoelman,W"]
[Result "1/2-1/2"]
[WhiteElo "2368"]
[BlackElo "2445"]

1.d4 Nf6 2.c4 e6 3.Nf3 b6 4.a3 Bb7 5.Nc3 d5 6.cxd5 Nxd5 7.e3 g6 8.Bb5+ c6
9.Bd3 Bg7 10.O-O O-O 11.Ne2 Nd7 12.e4 N5f6 13.e5 Nd5 14.Bg5 Qe8 15.Qd2 c5
16.Bh6 cxd4 17.Bxg7 Kxg7 18.Nexd4 Qe7 19.Rac1 Rfd8 20.Bb5 Nc5 21.Nc6 Bxc6
22.Bxc6 Rac8 23.Bxd5 Rxd5 24.Qe2 Rcd8 25.Rc3 a5 26.h3 a4 27.Qc4 h6 28.Qb4 R8d7
29.Qxb6 Rb7 30.Qc6 Rxb2 31.Rc4 Qa7 32.Rd4 Rxd4 33.Nxd4 Nb3 34.Nb5 Qc5 35.Qd7 Qxe5
36.Nd6 Qf4 37.g3 Qf3 38.Ne8+ Kf8 39.Qd8 Rd2 40.Nd6+ Kg7 41.Ne8+ Kf8 42.Nd6+ Kg7  1/2-1/2

[Event "WYb16"]
[Site "Kemer TUR"]
[Date "2007.11.22"]
[Round "5"]
[White "Pavlidis,Ana"]
[Black "Janev,T"]
[Result "0-1"]
[WhiteElo "2233"]
[BlackElo "2265"]

1.d4 Nf6 2.c4 e6 3.Nf3 b6 4.a3 c5 5.d5 Ba6 6.Qc2 exd5 7.cxd5 g6 8.Nc3 Bg7
9.g3 O-O 10.Bg2 d6 11.O-O Re8 12.Re1 b5 13.e4 Nbd7 14.Bf4 Qb6 15.h3 Nh5 16.Be3 Qb7
17.Bf1 Ne5 18.Nxe5 Bxe5 19.Ne2 Bg7 20.Bg2 Rac8 21.Qd2 Nf6 22.f3 Nd7 23.f4 Nb6
24.b3 Bxa1 25.Rxa1 f5 26.e5 dxe5 27.fxe5 Rxe5 28.d6 Qg7 29.Rd1 Bb7 30.Bh6 Qd7
31.Bf4 Re6 32.Nc3 Bxg2 33.Qxg2 g5 34.Bxg5 Rxd6 35.Rf1 b4 36.Ne2 Rd1 37.Bf6 Rxf1+
38.Qxf1 Re8 39.Nf4 Qd2 40.Ng2 Re2 41.axb4 cxb4 42.Qf3 Nd5 43.Bg5 Qd4+  0-1

[Event "WYb16"]
[Site "Kemer TUR"]
[Date "2007.11.24"]
[Round "7"]
[White "Pavlidis,Ana"]
[Black "Hasanagic,An"]
[Result "1-0"]
[WhiteElo "2233"]
[BlackElo "2064"]

1.d4 Nf6 2.c4 e6 3.Nf3 b6 4.a3 Ba6 5.Qc2 Bb7 6.Nc3 c5 7.e4 cxd4 8.Nxd4 Bc5
9.Nb3 Nc6 10.Bg5 h6 11.Bh4 Nd4 12.Nxd4 Bxd4 13.Bd3 Be5 14.O-O-O O-O 15.Rhe1 Qb8
16.Bg3 a6 17.Bxe5 Qxe5 18.g3 Rfc8 19.f4 Qb8 20.e5 Ne8 21.Bh7+ Kf8 22.Rxd7 Bc6
23.Rd4 b5 24.f5 Qb6 25.Qf2 exf5 26.Bxf5 Rd8 27.Rf4 Qxf2 28.Rxf2 Ra7 29.cxb5 axb5
30.Bb1 Re7 31.Ref1 Rdd7 32.e6 Ra7 33.Rxf7+ Rxf7 34.Rxf7+ Rxf7 35.exf7 Kxf7
36.Bd3 b4 37.axb4 Ke7 38.b5  1-0

[Event "WYb16"]
[Site "Kemer TUR"]
[Date "2007.11.24"]
[Round "7"]
[White "Demidov,M"]
[Black "Benidze,D"]
[Result "0-1"]
[WhiteElo "2199"]
[BlackElo "2365"]

1.d4 Nf6 2.c4 e6 3.Nf3 b6 4.a3 Ba6 5.Qc2 Bb7 6.Nc3 c5 7.e4 cxd4 8.Nxd4 Nc6
9.Nxc6 Bxc6 10.Be2 Qc7 11.O-O Bd6 12.f4 e5 13.f5 Bc5+ 14.Kh1 Bd4 15.Nd5 Bxd5
16.exd5 h6 17.Bd2 b5 18.Rac1 bxc4 19.Bxc4 O-O 20.b3 Qb6 21.Rce1 Rfe8 22.Qd1 e4
23.Bf4 Bf2 24.Re2 e3 25.h3 Re4 26.Bh2 Rd4 27.Qa1 Re8 28.Qc1 Ne4 29.Rxe3 Rxc4
30.Rxe4 Rcxe4  0-1

[Event "WYb16"]
[Site "Kemer TUR"]
[Date "2007.11.25"]
[Round "8"]
[White "Aydogdu,E"]
[Black "Savchenko,Alek"]
[Result "1-0"]
[WhiteElo "1994"]
[BlackElo "2183"]

1.d4 Nf6 2.c4 e6 3.Nf3 b6 4.a3 Bb7 5.Nc3 d5 6.cxd5 Nxd5 7.Qc2 Be7 8.e4 Nxc3
9.bxc3 O-O 10.Bd3 c5 11.O-O Nc6 12.Bb2 Rc8 13.Qe2 Na5 14.Nd2 Qc7 15.Rac1 Bg5
16.Rb1 Rfd8 17.Nf3 Be7 18.Ne5 Bd6 19.Ng4 h5 20.Ne3 Bxh2+ 21.Kh1 h4 22.e5 Bf4
23.Qh5 g6 24.Qxh4 Bxe5 25.dxe5 Rxd3 26.Ng4 Nc6 27.Qh6 f5 28.Nf6+ Kf7 29.Qh7+ Kf8
30.Qg8+ Ke7 31.Qg7+ Kd8 32.Qf8+  1-0

[Event "WYb18"]
[Site "Kemer TUR"]
[Date "2007.11.25"]
[Round "8"]
[White "Volodin,Alek"]
[Black "Rakhmanov,Ale"]
[Result "0-1"]
[WhiteElo "2368"]
[BlackElo "2510"]

1.d4 e6 2.c4 Nf6 3.Nf3 b6 4.a3 Ba6 5.Qc2 Bb7 6.Nc3 c5 7.e4 cxd4 8.Nxd4 Nc6
9.Nxc6 Bxc6 10.Be2 Qb8 11.Be3 Bc5 12.Qd3 Qd6 13.Qxd6 Bxd6 14.f3 Be5 15.Rc1 Rg8
16.O-O g5 17.Rfd1 g4 18.Bd4 gxf3 19.Bxf3 Ng4 20.Bxg4 Bxd4+ 21.Rxd4 Rxg4 22.Rcd1 O-O-O
23.R1d2 f6 24.b4 Rg7 25.Rf2 Rdg8 26.Rdd2 Rg6 27.g3 h5 28.Rf4 Kd8 29.b5 Ba8
30.Na4 Ke7 31.c5 Rg5 32.cxb6 Rxb5 33.bxa7 Bc6 34.Nc3 Ra5 35.a4 Rxa7 36.Rdf2 Rg6
37.e5 f5 38.Rb2 Ra5 39.Nb5 Rg8 40.Rh4 Rga8 41.Rxh5 Rxa4 42.Nd6 Kf8 43.Rh8+ Kg7
44.Rxa8 Rxa8 45.Kf2 Ra5 46.Re2 Rc5 47.h3 Kg6 48.Ne8 Bb5 49.Re3 Rc2+ 50.Kg1 Bc6
51.Nd6 Kg5 52.Nf7+ Kh5 53.h4 Rc4 54.Re2 Rg4 55.Kh2 f4 56.gxf4 Rxh4+ 57.Kg3 Rg4+
58.Kh3 Rxf4 59.Nd6 Rf3+ 60.Kh2 Kg4 61.Kg1 Kf4 62.Nf7 Rg3+ 63.Kf2 Rg7  0-1

[Event "WYg18"]
[Site "Kemer TUR"]
[Date "2007.11.26"]
[Round "9"]
[White "Chirivi,Y"]
[Black "Hamrakulova,Y"]
[Result "0-1"]
[WhiteElo "2109"]
[BlackElo "2185"]

1.d4 Nf6 2.c4 e6 3.Nf3 b6 4.a3 Bb7 5.Nc3 d5 6.cxd5 Nxd5 7.e3 Be7 8.Bb5+ c6
9.Bd3 O-O 10.O-O Nd7 11.e4 Nxc3 12.bxc3 c5 13.Qe2 Rc8 14.e5 cxd4 15.cxd4 Nb8
16.Bb2 Qd5 17.Rfe1 Rcd8 18.Rab1 Nc6 19.Be4 Qd7 20.Rbd1 Na5 21.Bd3 Qd5 22.h3 Nc4
23.Bc1 Bxa3 24.Bxa3 Nxa3 25.Bxh7+ Kxh7 26.Qd3+ Kg8 27.Qxa3 a6 28.Qe3 b5 29.Qg5 Qb3
30.Nh4 Rxd4  0-1

[Event "TCh-AUT 1st Bundesliga 2007-8"]
[Site "Baden AUT"]
[Date "2007.11.30"]
[Round "1"]
[White "Maiwald,JU"]
[Black "Sandhu,M"]
[Result "1-0"]
[WhiteElo "2484"]
[BlackElo "2290"]

1.d4 Nf6 2.c4 e6 3.Nf3 b6 4.a3 Bb7 5.Nc3 d5 6.Bg5 Be7 7.e3 O-O 8.Rc1 Nbd7
9.cxd5 exd5 10.Bd3 c5 11.O-O Re8 12.dxc5 bxc5 13.Bb5 Rf8 14.Bf4 a6 15.Bxd7 Qxd7
16.Na4 Qb5 17.b4 Ne4 18.Nxc5 Bxc5 19.bxc5 Nxc5 20.Bd6 Rfc8 21.Nd4 Qb6 22.Nf5 Ne4
23.Qg4 g6 24.Ne7+ Kg7 25.Nxc8 Bxc8 26.Rxc8 Rxc8 27.Be5+ f6 28.Qxc8 fxe5 29.Qd7+  1-0

[Event "TCh-AUT 1st Bundesliga 2007-8"]
[Site "Baden AUT"]
[Date "2007.12.01"]
[Round "2"]
[White "Knoll,H"]
[Black "Platzgummer,F"]
[Result "1/2-1/2"]
[WhiteElo "2386"]
[BlackElo "2150"]

1.d4 Nf6 2.Nf3 e6 3.c4 b6 4.a3 Ba6 5.Qc2 Bb7 6.Nc3 c5 7.e4 cxd4 8.Nxd4 Bc5
9.Nb3 Nc6 10.Bg5 h6 11.Bh4 Nd4 12.Nxd4 Bxd4 13.Bd3 Qb8 14.Bg3 Be5 15.O-O-O O-O
16.Kb1 d6 17.Bxe5 dxe5 18.g4 Nxg4 19.Rhg1 Nf6 20.f3 Nh5 21.Rg4 f5 22.Rh4 Nf4
23.exf5 Nxd3 24.Qxd3 exf5 25.Nd5 Qd8 26.Rh5 Bxd5 27.cxd5 Qd7 28.Rh4 Rad8
29.Rc4 Rf6 30.Qc2 Rf7 31.Rc6 Qb7 32.Qc4 Kh8 33.Ka2 b5 34.Qc5 b4 35.axb4 Qd7
36.Qc4 Qe8 37.b5 e4 38.fxe4 Qxe4 39.Rd4 Qe5 40.Re6 Qc7 41.Qb4 Rfd7 42.d6 Qb6
43.Rd5 a6 44.Qf4 axb5 45.Qe5 Qa5+ 46.Kb1 Kh7 47.Qxf5+ Kg8 48.Rde5 Qa8 49.Qd3 Qh1+
50.Ka2 Qa8+ 51.Kb1 Qh1+ 52.Re1 Rxd6  1/2-1/2

[Event "TCh-AUT 1st Bundesliga 2007-8"]
[Site "Baden AUT"]
[Date "2007.12.02"]
[Round "3"]
[White "Farago,I"]
[Black "Wanderer,T"]
[Result "1-0"]
[WhiteElo "2504"]
[BlackElo "2216"]

1.d4 Nf6 2.c4 e6 3.Nf3 b6 4.a3 Bb7 5.Nc3 d5 6.cxd5 Nxd5 7.Bd2 Be7 8.Qc2 O-O
9.e4 Nxc3 10.Bxc3 c5 11.dxc5 bxc5 12.Rd1 Qb6 13.Ne5 Bf6 14.Bd3 Qc7 15.Nc4 Bxc3+
16.Qxc3 f5 17.Qe5 Qxe5 18.Nxe5 fxe4 19.Bc4 Re8 20.Rd6 Bd5 21.Ke2 Kf8 22.Bxd5 exd5
23.Rxd5 Na6 24.Nd7+ Kf7 25.Nxc5 Nxc5 26.Rxc5 Reb8 27.b4 a5 28.b5 a4 29.Rb1 Rb6
30.Rb4 Rab8 31.Ke3 Rh6 32.h3 Rg6 33.g3 Rgb6 34.Kxe4 Rf6 35.Rf5 Re8+ 36.Kf4 Rxf5+
37.Kxf5 Re2 38.b6 Rxf2+ 39.Kg4 Kg6 40.b7 h5+ 41.Kh4 Kh6 42.Rb6+  1-0

[Event "TCh-AUT 1st Bundesliga 2007-8"]
[Site "Baden AUT"]
[Date "2007.12.02"]
[Round "3"]
[White "Babula,V"]
[Black "Sandhu,M"]
[Result "1-0"]
[WhiteElo "2596"]
[BlackElo "2290"]

1.d4 Nf6 2.c4 e6 3.Nf3 b6 4.a3 Bb7 5.Nc3 d5 6.cxd5 Nxd5 7.Qc2 c5 8.e4 Nxc3
9.bxc3 Nc6 10.Be3 cxd4 11.cxd4 Rc8 12.Qa2 a6 13.Bd3 Be7 14.O-O O-O 15.d5 Na5
16.Qb1 Nc4 17.Bxc4 Rxc4 18.Bxb6 Qb8 19.Nd2 Rcc8 20.dxe6 fxe6 21.Qb3 Qe5 22.Rac1 Bd6
23.g3 Bxe4 24.Nxe4 Qxe4 25.a4 Rxc1 26.Rxc1 h5 27.a5 Bb8 28.Qc4 Qf5 29.Re1 Kf7
30.Qxa6 h4 31.Qb7+ Kg8 32.a6 hxg3 33.hxg3 Qd3 34.a7 Bxg3 35.a8=Q Bxf2+ 36.Bxf2  1-0

[Event "TCh-BEL 2007-8"]
[Site "Belgium BEL"]
[Date "2007.12.02"]
[Round "5"]
[White "Georgiev,Vl"]
[Black "Erwich,M"]
[Result "1-0"]
[WhiteElo "2581"]
[BlackElo "2416"]

1.d4 Nf6 2.c4 e6 3.Nf3 b6 4.a3 Bb7 5.Nc3 d5 6.Bg5 Be7 7.Qa4+ c6 8.Bxf6 Bxf6
9.cxd5 exd5 10.g3 O-O 11.Bg2 a5 12.O-O Re8 13.Rfe1 g6 14.Rad1 Bg7 15.e4 dxe4
16.Nxe4 Na6 17.Qb3 Qc7 18.Ne5 Rad8 19.f4 h6 20.h4 Bc8 21.Qf3 Nb8 22.g4 f5
23.gxf5 Bxf5 24.Ng3 c5 25.Nxf5 gxf5 26.Qh5 Rf8 27.d5 Rd6 28.Nc4 Nd7 29.Re7 b5
30.Nxd6 Qxd6 31.Rde1  1-0

[Event "Parsvnath ch-Commonwealth"]
[Site "New Delhi IND"]
[Date "2007.12.05"]
[Round "4"]
[White "Abdulla,AlR"]
[Black "Lalith,B"]
[Result "1-0"]
[WhiteElo "2506"]
[BlackElo "2350"]

1.d4 Nf6 2.c4 e6 3.Nf3 b6 4.a3 Bb7 5.Nc3 d5 6.Qa4+ c6 7.cxd5 exd5 8.Bg5 Be7
9.e3 O-O 10.Bd3 Ne4 11.Bf4 Nxc3 12.bxc3 Nd7 13.Qc2 h6 14.g4 Nf6 15.g5 hxg5
16.Nxg5 Bd6 17.Be5 Re8 18.f4 Bxe5 19.dxe5 Ng4 20.Rg1 Nxe5 21.fxe5 Rxe5 22.Qg2 Rxe3+
23.Kd2 Qe7 24.Nf3 f6 25.Qg6  1-0

[Event "Parsvnath ch-Commonwealth"]
[Site "New Delhi IND"]
[Date "2007.12.05"]
[Round "4"]
[White "Sagar,S"]
[Black "Mohineesh,C"]
[Result "0-1"]
[WhiteElo "2216"]
[BlackElo "1925"]

1.d4 Nf6 2.c4 e6 3.Nf3 b6 4.a3 Bb7 5.Nc3 Be7 6.d5 d6 7.e4 e5 8.Be2 Nbd7 9.Be3 O-O
10.Nd2 Ne8 11.Bg4 g6 12.Bxd7 Qxd7 13.O-O Ng7 14.b4 f5 15.f3 f4 16.Bf2 g5
17.Qa4 Qd8 18.c5 Rf6 19.Rac1 Rh6 20.Rfd1 a6 21.cxb6 cxb6 22.Qb3 b5 23.a4 Qe8
24.Nf1 Bc8 25.axb5 axb5 26.Ra1 Rb8 27.Nb1 g4 28.fxg4 Bxg4 29.Rd3 Qg6 30.Nbd2 Bh4
31.Bxh4 Rxh4 32.Ra6 Be2 33.Rh3 Rg4 34.g3 Rf8 35.Qc2 Qf6 36.Qc1 fxg3 37.Nxg3 Qf2+
38.Kh1 Qe3 39.Ra1 Rxe4 40.Qe1 Bf3+  0-1

[Event "Parsvnath ch-Commonwealth"]
[Site "New Delhi IND"]
[Date "2007.12.10"]
[Round "10"]
[White "Thejkumar,M"]
[Black "Kunte,A"]
[Result "0-1"]
[WhiteElo "2355"]
[BlackElo "2547"]

1.d4 Nf6 2.Nf3 e6 3.c4 b6 4.a3 Ba6 5.Qc2 c5 6.e4 cxd4 7.Nxd4 Bc5 8.Nb3 Nc6
9.Nc3 O-O 10.Bf4 Nd4 11.Nxd4 Bxd4 12.Bd3 Ng4 13.Bg3 Qf6 14.Rc1 Rfc8 15.Qe2 h5
16.O-O h4 17.Qxg4 hxg3 18.Qxg3 Bxc4 19.Ne2 Bxd3 20.Rxc8+ Rxc8 21.Qxd3 Bxb2
22.Qxd7 Qd8 23.Qxa7 Qd2 24.Ng3 Bd4 25.Qa4 g6 26.Qb3 Rc3 27.Qb4 Bc5 28.Qb5 Rc2
29.Nh1 Rb2 30.Qc4 Bxa3 31.e5 Bc5 32.Qe4 Qd4 33.Ng3 Rxf2 34.Qxd4 Rxf1+  0-1

[Event "ch-Central Serbia"]
[Site "Vrnjacka Banja SRB"]
[Date "2007.12.14"]
[Round "7"]
[White "Arsovic,Z"]
[Black "Savic,Miod1"]
[Result "1/2-1/2"]
[WhiteElo "2459"]
[BlackElo "2539"]

1.d4 Nf6 2.Nf3 e6 3.c4 b6 4.a3 c5 5.e3 Be7 6.Nc3 O-O 7.d5 exd5 8.cxd5 d6
9.h3 Re8 10.Bd3 Bf8 11.O-O a6 12.a4 Nbd7 13.e4 Qc7 14.b3 g6 15.Bb2 Bg7 16.Re1 Nh5
17.Qd2 Rb8 18.Be2 Qd8 19.Rab1 Qe7 20.Ba1 Qf8 21.b4  1/2-1/2

[Event "4th SICC Masters"]
[Site "Singapore SIN"]
[Date "2007.12.21"]
[Round "9"]
[White "Sitanggang,S"]
[Black "Megaranto,S"]
[Result "0-1"]
[WhiteElo "2410"]
[BlackElo "2569"]

1.d4 Nf6 2.Nf3 e6 3.c4 b6 4.a3 Bb7 5.Nc3 d5 6.Bf4 Bd6 7.Bg5 O-O 8.e3 Nbd7
9.Be2 h6 10.Bh4 a6 11.O-O dxc4 12.Bxc4 Qb8 13.Bxf6 Nxf6 14.h3 Rd8 15.Qe2 b5
16.Ba2 c5 17.dxc5 Bxc5 18.Rac1 Qa7 19.Bb1 Rac8 20.Ne5 Bd6 21.Ng4 Nxg4 22.Qxg4 Qc5
23.Rce1 Be5 24.Ne4 Qc4 25.f4 Bxe4  0-1

[Event "3rd ch-BIH"]
[Site "Sarajevo BIH"]
[Date "2007.12.22"]
[Round "5"]
[White "Dumpor,A"]
[Black "Saric,Ib"]
[Result "0-1"]
[WhiteElo "2399"]
[BlackElo "2541"]

1.d4 Nf6 2.c4 e6 3.Nf3 b6 4.a3 Ba6 5.Qc2 Bb7 6.Nc3 c5 7.Bg5 Bxf3 8.gxf3 cxd4
9.Nb5 Nc6 10.Rd1 Bc5 11.b4 Be7 12.Nxd4 Nxd4 13.Rxd4 a5 14.Bg2 axb4 15.O-O bxa3
16.Rfd1 Ra7 17.f4 h6 18.Bxf6 Bxf6 19.Rxd7 Rxd7 20.Bc6 O-O 21.Rxd7 Qc8 22.Bb5 Rd8
23.Ra7 Qc5 24.Kg2 g6 25.h3 Qb4 26.Qe4 Qf8 27.e3 Rd2 28.Ra8 a2 29.c5 a1=Q
30.Rxf8+ Kxf8 31.cxb6 Kg7 32.b7 Qa7 33.h4 h5 34.Kg3 Qb8 35.Kg2 Rb2 36.Qc6 Rd2
37.Ba6 Rd8 38.Kg3 e5 39.Qc8 exf4+ 40.exf4 Bd4 41.Qc4 Qd6 42.Bb5 Ba7 43.Qc8 Bb8  0-1

[Event "16th Donau Open"]
[Site "Aschach Donau AUT"]
[Date "2007.12.27"]
[Round "3"]
[White "Testor,S"]
[Black "Jurek,J"]
[Result "1/2-1/2"]
[WhiteElo "2188"]
[BlackElo "2351"]

1.d4 Nf6 2.c4 e6 3.Nf3 b6 4.a3 Ba6 5.Qc2 c5 6.d5 exd5 7.cxd5 g6 8.Nc3 Bg7
9.g3 O-O 10.Bg2 d6 11.O-O Nbd7 12.h3 b5 13.Bf4 Qb6 14.b4 Rac8 15.Qd2 cxb4
16.axb4 Rxc3 17.Qxc3 Nxd5 18.Qd2 Nxf4 19.Qxf4 Bxa1 20.Rxa1 Bb7 21.Rd1 d5
22.e4 Nf6 23.e5 Ne4 24.Nd4 Rc8 25.e6 fxe6 26.Qe5 Re8 27.Bxe4 dxe4 28.Rc1 Re7
29.Qb8+ Kg7 30.Qe5+ Kg8 31.Qb8+  1/2-1/2

[Event "Harmonie Open A"]
[Site "Groningen NED"]
[Date "2007.12.27"]
[Round "6"]
[White "Cooke,E"]
[Black "Cako,L"]
[Result "1-0"]
[WhiteElo "2253"]
[BlackElo "2168"]

1.d4 Nf6 2.c4 e6 3.Nf3 b6 4.a3 Bb7 5.Nc3 d5 6.cxd5 Nxd5 7.e3 Nd7 8.Bd3 Nxc3
9.bxc3 c5 10.e4 Be7 11.O-O Rc8 12.Qe2 O-O 13.Bb2 Qc7 14.Rad1 Rfe8 15.Bb1 Rcd8
16.Rfe1 Bf8 17.h3 Qc8 18.Qe3 Be7 19.Ba2 Nf6 20.Bb1 Nd7 21.Qd3 e5 22.Qe3 Bf6
23.dxe5 Bxe5 24.Nxe5 Nxe5 25.Qg3 Qe6 26.f4 Nc4 27.Rxd8 Rxd8 28.Bc1 Re8 29.e5 Nd6
30.Qd3 g6 31.Rd1 Nf5 32.Qd7 Bc8 33.Qxe6 Bxe6 34.g4 Ne7 35.Be4 Rc8 36.Rd6 Kf8
37.Bb7 Rb8 38.Ba6 Nd5 39.f5 Nc7 40.Bh6+ Ke7 41.fxe6 Nxa6 42.Bg5+ Ke8 43.e7  1-0

[Event "Weihnachtsopen Meister"]
[Site "Zurich SUI"]
[Date "2007.12.27"]
[Round "3"]
[White "Duessel,U"]
[Black "Pelletier,Y"]
[Result "0-1"]
[WhiteElo "2283"]
[BlackElo "2609"]

1.d4 Nf6 2.c4 e6 3.Nf3 b6 4.a3 Ba6 5.Qc2 Bb7 6.Nc3 c5 7.e3 Be7 8.Be2 O-O
9.O-O cxd4 10.Nxd4 a6 11.b3 d6 12.Bb2 Nbd7 13.Bf3 Bxf3 14.Nxf3 Qc7 15.Rac1 Rfc8
16.Qe2 Nc5 17.Nd2 Qb7 18.e4 Rab8 19.a4 Ne8 20.f4 Rd8 21.Kh1 Nc7 22.Ba3 Bf6
23.Qe3 h6 24.Rfe1 e5 25.g3 exf4 26.gxf4 Bxc3 27.Qxc3 f5 28.Qf3 N7e6 29.b4 fxe4
30.Nxe4 Nd4 31.Qe3 Nf5 32.Qf3 Nd4 33.Qe3 Nf5 34.Qf3 Nh4 35.Qe3 Ne6 36.Bb2 Rf8
37.Qh3 Nxf4 38.Qxh4 Rbe8 39.Kg1 Rxe4 40.Qg4 h5  0-1

[Event "Petrovskaya Ladya IM"]
[Site "Peterhof RUS"]
[Date "2008.01.07"]
[Round "7"]
[White "Ni,V"]
[Black "Duzhakov,I"]
[Result "1/2-1/2"]
[WhiteElo "2132"]
[BlackElo "2143"]

1.d4 Nf6 2.Nf3 e6 3.c4 b6 4.a3 Ba6 5.Qc2 d5 6.Nbd2 Bb7 7.e3 Be7 8.Bd3 c5
9.O-O cxd4 10.Nxd4 O-O 11.N2f3 dxc4 12.Bxc4 Nbd7 13.Rd1 Rc8 14.Qe2 Qc7 15.Bb5 Nc5
16.Bd2 a6 17.Bc4 b5 18.Ba2 Be4 19.Bc3 Rfd8 20.Ne1 Na4 21.Rac1 Nxc3 22.Rxc3 Qb6
23.Rxc8 Rxc8 24.Nd3 Rd8 25.Ne5 Qd6 26.f4 Qb6 27.b4 Bd5 28.Bb1 Ne4 29.Qh5 g6
30.Qg4 Bf6 31.Bxe4 Bxe4 32.Rc1 Kg7 33.Qg3 Qd6 34.Rc5 Qe7 35.Qe1 Rd5 36.Rc1 Bxe5
37.Nc6 Qd6 38.fxe5 Qd7 39.Qf1 f5 40.Nd4 g5 41.Rc7 Rxd4 42.Rxd7+ Rxd7 43.Qc1 Rd5
44.Qc7+ Kg6 45.Qb8 Kg7 46.Qc7+ Kg6 47.Qc8 Rxe5 48.Qg8+ Kh6 49.g3 Bd5 50.h4 gxh4
51.Qf8+ Kg6 52.Qg8+ Kh6 53.gxh4 f4 54.exf4 Rf5 55.Qg4 Bc6 56.Kf2 Be8 57.Ke3 Bg6
58.Qg2 Rd5 59.Qb2 Rd3+ 60.Kf2 Rd5 61.Ke3 Rf5 62.Qd4 Kh5 63.Qd8 Kg4 64.Qe7 Bf7
65.Qd6 Kxh4 66.Qd1 Bg6 67.Qh1+ Kg4 68.Qg2+ Kh4 69.Kf3 Bh5+ 70.Ke4 Bg6 71.Ke3 Rd5
72.Qh2+ Kg4 73.Qg2+ Kh4 74.Qh2+ Kg4 75.Qg2+ Kh4  1/2-1/2

[Event "Paul Keres Mem GMA"]
[Site "Tallinn EST"]
[Date "2008.01.08"]
[Round "4"]
[White "Volodin,Alek"]
[Black "Yemelin,V"]
[Result "1/2-1/2"]
[WhiteElo "2379"]
[BlackElo "2562"]

1.d4 Nf6 2.c4 e6 3.Nf3 b6 4.a3 Ba6 5.Qc2 c5 6.d5 exd5 7.cxd5 g6 8.Nc3 Bg7
9.g3 O-O 10.Bg2 d6 11.O-O Re8 12.Re1 b5 13.e4 Nbd7 14.Bf4 Qb6 15.e5 dxe5
16.Nxe5 Nxe5 17.Bxe5 Bb7  1/2-1/2

[Event "TCh-AUT 1st Bundesliga 2007-8"]
[Site "Jenbach AUT"]
[Date "2008.01.11"]
[Round "5"]
[White "Kunin,V"]
[Black "Wanderer,T"]
[Result "0-1"]
[WhiteElo "2538"]
[BlackElo "2226"]

1.d4 Nf6 2.c4 e6 3.Nf3 b6 4.a3 Bb7 5.Nc3 d5 6.cxd5 Nxd5 7.Qc2 c5 8.e4 Nxc3
9.bxc3 Nc6 10.Be3 Be7 11.Bd3 cxd4 12.cxd4 Rc8 13.Qe2 O-O 14.O-O Na5 15.Rfd1 Rc7
16.Bf4 Bd6 17.Bg5 Be7 18.Bf4 Bd6 19.Bd2 Nb3 20.Ra2 Nxd2 21.Nxd2 Bf4 22.Nf3 Qd6
23.Ba6 Ba8 24.a4 Rc3 25.Qe1 Qc7 26.d5 exd5 27.exd5 Rc5 28.g3 Rxd5 29.gxf4 Qxf4
30.Ra3 Qg4+ 31.Kf1 Qh3+ 32.Ke2 Re8+ 33.Re3 Rxe3+ 34.fxe3 Rxd1 35.Kxd1 Bxf3+
36.Kc1 Qxh2 37.Qc3 Qb8 38.Bc4 Qe8 39.Bb5 Qd8 40.Qe5 Bd5 41.Bd7 Bb7 42.Bf5 Qf8
43.Bc2 g6 44.a5 bxa5 45.Qxa5 Qc8 46.Kb2 Bc6 47.Bb3 Qb8 48.Ka2 Bd7 49.e4 Qb6
50.Qd2 Be6 51.Bd5 a5 52.Ka1 h5 53.Qg5 a4 54.Qe7 Bxd5 55.Qe8+ Kg7 56.exd5 Qd4+
57.Kb1 Qxd5  0-1

[Event "TCh-AUT 1st Bundesliga 2007-8"]
[Site "Jenbach AUT"]
[Date "2008.01.12"]
[Round "6"]
[White "Maiwald,JU"]
[Black "Wegerle,J"]
[Result "1-0"]
[WhiteElo "2484"]
[BlackElo "2415"]

1.d4 e6 2.c4 Nf6 3.Nf3 b6 4.a3 c6 5.Nc3 d5 6.Bg5 Be7 7.e3 O-O 8.cxd5 cxd5
9.Rc1 a6 10.Bd3 Bb7 11.Ne5 Nbd7 12.f4 h6 13.Bxf6 Bxf6 14.Nf3 Be7 15.g4 Nf6
16.Rg1 Ne4 17.g5 hxg5 18.Bxe4 dxe4 19.Nxg5 Bxg5 20.Rxg5 f6 21.Rg3 e5 22.Qb3+ Rf7
23.dxe5 fxe5 24.Rd1 Qf6 25.Ne2 Re8 26.Rd7 Qe6 27.Qxe6 Rxe6 28.Rd8+ Rf8 29.Rd2 Rff6
30.Rg5 exf4 31.Rd8+ Rf8 32.Nxf4 Rh6 33.Rd2 Rf7 34.Ng6 Kh7 35.Nf4 Bc8 36.Kf1 Bf5
37.Kg2 b5 38.Kg3 Rf8 39.Rc2 Rf7 40.Rc5 Rhf6 41.Nh5 Rg6 42.Kh4 Bd7 43.Rxg6 Kxg6
44.Rd5 Bc8 45.Nf4+ Kf6 46.Rg5 Rd7 47.Nh5+ Ke6 48.Rxg7 Rd2 49.Rg2 Rd1 50.Nf4+ Kf6
51.Rg6+ Ke5 52.Rc6 Bd7 53.Rc5+ Kd6 54.Rc2 Ke5 55.Kg5 Rg1+ 56.Rg2 Re1 57.Ng6+ Kd6
58.Rd2+ Kc7 59.Ne5 Bc8 60.Kf4 Bb7 61.h4 Rh1 62.Kg5 Re1 63.Ng4 Bc8 64.h5 Rg1
65.Rc2+ Kd8 66.Rxc8+ Kxc8 67.h6 Rh1 68.Kg6 Rg1 69.h7 Rxg4+ 70.Kh5  1-0

[Event "115th ch-NZL"]
[Site "Auckland NZL"]
[Date "2008.01.18"]
[Round "5"]
[White "Lukey,S"]
[Black "Watson,B"]
[Result "1-0"]
[WhiteElo "2283"]
[BlackElo "2293"]

1.d4 Nf6 2.c4 e6 3.Nf3 b6 4.a3 Bb7 5.Nc3 Be7 6.d5 exd5 7.cxd5 O-O 8.e4 Re8
9.Bd3 c6 10.O-O cxd5 11.exd5 d6 12.Bf4 Nbd7 13.Rc1 a6 14.Re1 Rc8 15.Qd2 Bf8
16.Rxe8 Qxe8 17.Re1 Qd8 18.Nd4 Nc5 19.Bf5 Rc7 20.b4 Ncd7 21.b5 axb5 22.Ndxb5 Rc5
23.Be3 Rc8 24.Bg5 Rc5 25.Bxd7 Qxd7 26.Bxf6 gxf6 27.Ne4 Qxb5 28.Nxf6+ Kh8
29.Qg5 Bg7 30.Nh5 Bf8 31.Nf6 Bg7 32.Re8+ Qxe8 33.Nxe8 Bb2 34.Nxd6 Bxd5 35.h4 Be6
36.Qd8+ Kg7 37.Ne8+ Kf8 38.Nc7+ Kg7 39.Nxe6+ fxe6 40.Qe7+  1-0

[Event "6th Parsvnath Open"]
[Site "New Delhi IND"]
[Date "2008.01.18"]
[Round "8"]
[White "Dahale,A"]
[Black "Lalith,B"]
[Result "0-1"]
[WhiteElo "2080"]
[BlackElo "2299"]

1.d4 Nf6 2.c4 e6 3.Nf3 b6 4.a3 Bb7 5.Nc3 d5 6.cxd5 Nxd5 7.Qc2 Nxc3 8.bxc3 Be7
9.e4 c5 10.Bb5+ Bc6 11.Bd3 O-O 12.Bb2 Bb7 13.Rd1 Qc7 14.Qe2 Nd7 15.O-O Rac8
16.Ne5 Nxe5 17.dxe5 c4 18.Bb1 Qxe5 19.f4 Qc7 20.e5 Rcd8 21.Rde1 g6 22.Kh1 Bh4
23.Rc1 Rd7 24.Rc2 Rfd8 25.Bc1 Bc6 26.Qg4 Be7 27.Re2 Rd1 28.Ree1 Rxe1 29.Rxe1 Qd7
30.h4 h5 31.Qg3 Qd5 32.Kg1 Kh7 33.Kh2 Ba4 34.Rf1 Qb5 35.f5 Qxb1 36.fxe6 Rf8
37.exf7 Qe4 38.Bg5 Qb7 39.Bc1 Rc8 40.Qe3 Bf8 41.Rf6 Bc2 42.Qf2 Bd3 43.Re6 Bf5
44.Re8 Qc6 45.Rxc8 Qxc8 46.Qf4 Qe6  0-1